| 000 | 01129nam a2200193Ia 4500 | ||
|---|---|---|---|
| 003 | Ost | ||
| 005 | 20260416102356.0 | ||
| 008 | 260416s9999||||xx |||||||||||||| ||und|| | ||
| 040 | _cfsecg | ||
| 041 | _aara | ||
| 100 |
_aبوزار، صفية _eمؤلف |
||
| 245 | 0 |
_aالاقتصاد الجزئي 1+2 مع أسئلة محلولة / _c صفية بوزار |
|
| 260 |
_aالجزائر _bجامعة الجزائر3: كلية العلوم الإقتصادية، العلوم التجارية وعلوم التسيير _c2019 |
||
| 300 |
_a222 ورقة _bايضاحات _c30 سم |
||
| 520 | _aالمفاهيم الاقتصادية و المشاكل الاقتصادية ، نظرية سلوك المستهلك و نظرية الطلاب و العرض و تحليل سلوك المنتج و تكاليف الانتاج و سوق المنافسة الكاملة مع وجود تمارين محلولة . | ||
| 653 | _aالاقتصاد الجزئي | ||
| 710 |
_aجامعة الجزائر3: كلية العلوم الإقتصادية، العلوم التجارية وعلوم التسيير _eناشر علمي |
||
| 942 | _cHANDOUT | ||
| 999 |
_c41218 _d41218 |
||